000 00216nam a2200097Ia 4500
008 240331s9999 xx 000 0 und d
082 _bGOL
100 _aGoldman, Emma
245 2 _aA woman without a country
942 _cL
999 _c2429
_d2429